000 00511nam a22001937a 4500
003 CEME
005 20210628201844.0
008 210208b xxu||||| |||| 00| 0 eng d
020 _a81-203-2115-4
040 _c.
082 _a621.3 HAM
100 _aHambley, Allan R
_957110
245 _aElectrical engineering ,principles and applications
250 _a2ND
260 _aNEW DELHI
_bPRENTICE HALL OF INDIA
_c2002
300 _aXVIII,845P
650 _aELECTRICAL ENGINEERING
_914763
942 _cBK
_2ddc
999 _c567410
_d567410